000 00970cam a2200289 4500
008 090401t1988 xxu||||| |||| 00| 0 eng d
020 _a0854063684
035 _a(Sirsi) u45740
041 _aeng
050 _a347.4109
090 _aRICS 1988/1ABCDE
110 _aRoyal Institution of Chartered Surveyors
_94900
245 _aMinimising the cost of agricultural arbitrations
260 _aLondon
_bRoyal Institution of Chartered Surveyors
_c1988
300 _a10p. ; 21cm.
350 _a2
490 _aLand Agency and Agriculture Guidance Notes
520 _aLand Agency and Agriculture Division.
650 _aAGRICULTURAL HOLDINGS ACT 1986
650 _aPROPERTY-LANDLORD AND TENANT-TENANCIES-AGRICULTURAL TENANCIES
650 _aMANAGEMENT-DISPUTE AVOIDANCE, MANAGEMENT AND RESOLUTION-DISPUTE MANAGEMENT AND RESOLUTION-ARBITRATION
650 _aFARM LAND
650 _aRENT
650 _aValuation
_96273
942 _n0
948 _c04/03/1997
999 _c91818
_d91818